00252nam a2200097Ia 4500008004100000041000800041100001200049245005200061260003300113300000800146230724s2008 xx und d aeng aHUNT S. aTHE WRIGHT EXPERIENCE,A MASTER ARCHITECT VISION bSARABAND LTD SCOTLAND.c2008 a172